[Event "Championnat de France des Jeunes - Cadet"]
[Site "LE GRAND BORNAND"]
[Date "2007.04.10"]
[Round "4.10"]
[White "Leroy, Olivier"]
[Black "Forlot, Francois"]
[Result "0-1"]
[WhiteElo "2023"]
[BlackElo "1902"]
[PlyCount "166"]

1. d4 Nf6 2. Nf3 b6 3. e3 Bb7 4. Bd3 e6 5. Nbd2 c5 6. c3 Nc6 7. O-O Rc8 8. Re1
Qc7 9. a3 Ne7 10. e4 Ng6 11. c4 h6 12. Nf1 cxd4 13. Nxd4 a6 14. b3 Bc5 15. Nc2
Ne5 16. Bb2 Nxd3 17. Qxd3 b5 18. Bxf6 bxc4 19. Qxc4 Bxf2+ 20. Kxf2 Qf4+ 21. Kg1
Rxc4 22. bxc4 gxf6 23. Ng3 Ke7 24. Rab1 Rb8 25. Nb4 a5 26. Nd3 Qd2 27. Rbd1 Qa2
28. Re2 Qxa3 29. Red2 Bc6 30. Kh1 Rb3 31. e5 f5 32. Nh5 Kd8 33. Nf6 Kc8 34. Ne8
Qe7 35. Nd6+ Kc7 36. Nc5 Rb6 37. Ra2 a4 38. Nxa4 Ra6 39. Nb5+ Kd8 40. Rb1 Qg5
41. Nd6 Rxa4 42. Nxf7+ Kc7 43. Nxg5 Rxa2 44. Nf3 Rc2 45. Kg1 Rxc4 46. Kf2 Be4
47. Ra1 Rc3 48. Re1 Kc6 49. Kg3 Rc4 50. Ra1 Rb4 51. Ra8 Rb3 52. Ra1 Kc5 53.
Rc1+ Kb4 54. h3 Rc3 55. Rd1 Rd3 56. Rc1 Kb3 57. Rc8 Bc6 58. Rh8 Re3 59. Rxh6
Bxf3 60. gxf3 Rxe5 61. Rh8 d5 62. h4 d4 63. h5 d3 64. h6 d2 65. Rd8 Rd5 66.
Rxd5 exd5 67. h7 d1=Q 68. h8=Q Qe1+ 69. Kf4 Qc3 70. Qd8 d4 71. Qd5+ Kb2 72.
Qb5+ Kc2 73. Qa4+ Kc1 74. Kxf5 Qc2+ 75. Qxc2+ Kxc2 76. Kg6 d3 77. f4 d2 78. f5
d1=Q 79. f6 Qg4+ 80. Kf7 Qg5 81. Ke6 Kd3 82. f7 Qd8 83. Kf5 Qf8 0-1

[Event "Championnat de France des Jeunes - Cadet"]
[Site "LE GRAND BORNAND"]
[Date "2007.04.10"]
[Round "4.12"]
[White "Poignot, Quentin"]
[Black "Wojtkowski, Frederic"]
[Result "1-0"]
[WhiteElo "1952"]
[BlackElo "1901"]
[PlyCount "157"]

1. e4 c5 2. Nf3 Nc6 3. d4 cxd4 4. Nxd4 Nf6 5. Nc3 d6 6. Bg5 e6 7. Qd2 a6 8.
O-O-O Be7 9. f4 Qc7 10. Bxf6 gxf6 11. Be2 b5 12. Bh5 b4 13. Nxc6 bxc3 14. Qxc3
Bb7 15. Bxf7+ Kf8 16. Bxe6 Qxc6 17. Qh3 h5 18. e5 dxe5 19. fxe5 Bc8 20. exf6
Bxf6 21. Qa3+ Kg7 22. Bd5 Qc7 23. Bxa8 Bf5 24. Be4 Bxe4 25. Qa4 Bc6 26. Qc4 Rb8
27. c3 Qb6 28. b3 Qe3+ 29. Kb2 Qf2+ 30. Kb1 Qf5+ 31. Ka1 Rc8 32. Rhf1 Qe5 33.
Rc1 Bb7 34. Qd3 Qe6 35. Rfe1 Qc6 36. Kb2 Qxg2+ 37. Rc2 Qc6 38. Rg1+ Kh8 39. Qh3
Qe8 40. Qf5 Qf7 41. Rf1 Rc6 42. Qh3 Bc8 43. Qg2 Bd7 44. Qe2 Bg4 45. Qd3 Qg7 46.
h3 Be6 47. Qf3 Bd7 48. Qxh5+ Qh7 49. Qf3 Qg7 50. Rff2 Be8 51. Rg2 Qe7 52. Rge2
Qf8 53. Qe4 Rc8 54. Qe6 Bg6 55. Rc1 Re8 56. Qxa6 Rxe2+ 57. Qxe2 Qc5 58. Qf3 Be7
59. Re1 Kg7 60. Qe3 Qa3+ 61. Ka1 Bf6 62. Qd2 Qc5 63. Kb2 Qf5 64. Rd1 Qe5 65. a4
Qa5 66. Qe3 Qf5 67. Qd2 Qe5 68. Re1 Qf5 69. Ra1 Qxh3 70. a5 Qc8 71. a6 Qa8 72.
a7 Bf7 73. Rg1+ Kf8 74. Qh6+ Ke7 75. Re1+ Be6 76. Qh7+ Kd6 77. Rd1+ Ke5 78.
Qh5+ Kf4 79. Rf1+ 1-0

[Event "Championnat de France des Jeunes - Cadet"]
[Site "LE GRAND BORNAND"]
[Date "2007.04.10"]
[Round "4.13"]
[White "Moreau, Emilien"]
[Black "Pouchon, Mickael"]
[Result "0-1"]
[WhiteElo "1830"]
[BlackElo "1943"]
[PlyCount "88"]

1. e4 e5 2. Nf3 Nc6 3. Bb5 a6 4. Ba4 Nf6 5. O-O Nxe4 6. d4 b5 7. Bb3 d5 8. Re1
Be6 9. Nxe5 Nxe5 10. dxe5 Nc5 11. Bf4 Nxb3 12. axb3 Be7 13. Nd2 O-O 14. Nf3 c5
15. h3 d4 16. Qd2 Qd7 17. Qd3 f6 18. Bg3 Bf7 19. Re2 Bg6 20. Qd2 Bh5 21. Qd3
Bg6 22. Qd2 Bh5 23. Qd3 Qb7 24. Rae1 Rad8 25. Qe4 Qxe4 26. Rxe4 Bg6 27. R4e2
Bh5 28. Re4 Bf7 29. Nh4 fxe5 30. Nf5 Bf6 31. Bxe5 Bxe5 32. Rxe5 c4 33. bxc4
bxc4 34. Ra5 d3 35. c3 Rb8 36. Rb1 Rb6 37. Ne3 Rfb8 38. Nd1 Bg6 39. Rba1 d2 40.
Kf1 Bd3+ 41. Kg1 Re8 42. Ne3 Rxb2 43. R5a2 Rxa2 44. Rxa2 Rxe3 0-1

[Event "Championnat de France des Jeunes - Cadet"]
[Site "LE GRAND BORNAND"]
[Date "2007.04.10"]
[Round "4.14"]
[White "Bressac, Stephane"]
[Black "Le Duigou, Goulven"]
[Result "1-0"]
[WhiteElo "1931"]
[BlackElo "1830"]
[PlyCount "55"]

1. e4 e5 2. Nf3 Nc6 3. Bc4 Nf6 4. d4 exd4 5. O-O d5 6. exd5 Na5 7. Qe1+ Be7 8.
Qxa5 O-O 9. Bf4 b6 10. Qd2 Bb7 11. Nxd4 Bc5 12. Nc3 a6 13. Nb3 Bb4 14. Bg5 b5
15. Be2 Re8 16. Bf3 a5 17. Qd4 Bxc3 18. bxc3 Bc8 19. Bxf6 gxf6 20. Rfe1 Rxe1+
21. Rxe1 Bf5 22. d6 Rc8 23. dxc7 Qxc7 24. Qxf6 Bg6 25. h4 a4 26. h5 Qd8 27.
Qxd8+ Rxd8 28. Nd4 1-0

[Event "Championnat de France des Jeunes - Cadet"]
[Site "LE GRAND BORNAND"]
[Date "2007.04.10"]
[Round "4.15"]
[White "Wunderman, Xavier"]
[Black "Le Dore, Yann"]
[Result "1-0"]
[WhiteElo "2136"]
[BlackElo "1738"]
[PlyCount "57"]

1. e4 e6 2. d3 d5 3. Nd2 Nf6 4. g3 Bc5 5. Ngf3 dxe4 6. dxe4 Ng4 7. Nb3 Qxd1+ 8.
Kxd1 Nxf2+ 9. Ke1 Bb6 10. c4 Nxh1 11. c5 Bxc5 12. Nxc5 Nxg3 13. hxg3 b6 14. Na4
O-O 15. Nc3 Bb7 16. Bf4 c5 17. Rd1 Ba6 18. Bxb8 Bxf1 19. Bd6 Ba6 20. Bxf8 Kxf8
21. Rd7 f6 22. e5 Bc8 23. Rc7 h5 24. Ne4 fxe5 25. Nxe5 Ba6 26. Ng5 Re8 27. Rxa7
Bb5 28. a4 Re7 29. Nh7+ 1-0

[Event "Championnat de France des Jeunes - Cadettes"]
[Site "LE GRAND BORNAND"]
[Date ""]
[Round "4.1"]
[White "Benmesbah, Natacha"]
[Black "Congiu, Mathilde"]
[Result "0-1"]
[WhiteElo "2196"]
[BlackElo "2125"]
[Annotator ""]

1. e4 e5 2. Nf3 Nc6 3. Bc4 Bc5 4. d3 Nf6 5. Nc3 d6 6. Bg5 h6 7. Bxf6
Qxf6 8. Nd5 Qd8 9. c3 a6 10. d4 exd4 11. cxd4 Ba7 12. h3 Be6 13. O-O
O-O 14. Rc1 Rc8 15. Bxa6 Nxd4 16. Nxd4 Bxd4 17. Bxb7 c5 18. Bxc8 Bxc8
19. Ne3 g6 20. Qd3 Qh4 21. b4 Bb7 22. Nd5 Kg7 23. b5 Re8 24. Rce1 Bxd5
25. g3 Qf6 26. exd5 Rxe1 27. Rxe1 Qxf2+ 28. Kh1 Qxe1+ 29. Kg2 Qf2+ 0-1

[Event "Championnat de France des Jeunes - Cadet"]
[Site "LE GRAND BORNAND"]
[Date "2007.04.10"]
[Round "4.2"]
[White "Bismuth, Lea"]
[Black "Le Bail, Clara"]
[Result "0-1"]
[WhiteElo "1944"]
[BlackElo "1933"]
[PlyCount "128"]

1. e4 e6 2. Nc3 d5 3. Nf3 Nf6 4. e5 Nfd7 5. d4 c5 6. dxc5 Nc6 7. Bf4 Nxc5 8.
Qd2 Be7 9. O-O-O Bd7 10. Be2 Qa5 11. Nd4 a6 12. Kb1 b5 13. Nxc6 Bxc6 14. Ne4
Qxd2 15. Nxd2 O-O-O 16. h4 Kb7 17. c3 d4 18. cxd4 Rxd4 19. Be3 Rd7 20. Nf3 Rhd8
21. Rxd7+ Rxd7 22. Re1 Be4+ 23. Ka1 Nd3 24. Rd1 h6 25. g3 Rd8 26. Nd2 Bc6 27.
Nb3 Nxe5 28. Na5+ Ka8 29. Bd4 Bb4 30. Nxc6 Nxc6 31. Bxg7 Rxd1+ 32. Bxd1 Be1 33.
Bf3 Kb7 34. Bd4 Bd2 35. Bc5 Kc7 36. b3 Bc3+ 37. Kb1 Bg7 38. Kc1 Ne5 39. Be4 f5
40. Bc2 Nd7 41. Be3 Kd6 42. Kd2 Kd5 43. f3 Ne5 44. Bd1 Nc6 45. g4 Nb4 46. a3
Nc6 47. Bc2 fxg4 48. Be4+ Kd6 49. fxg4 Na5 50. Kc2 Ke5 51. Bf3 Kd6 52. Bd2 Nc6
53. Be4 Nd4+ 54. Kd3 Nxb3 55. Bb4+ Kd7 56. Bc3 Nc5+ 57. Ke3 Bxc3 58. Bc2 a5 59.
Kf4 Bb2 60. g5 hxg5+ 61. hxg5 Bxa3 62. Ke3 Kd6 63. Kd2 Bb2 64. Bb1 b4 0-1

[Event "Championnat de France des Jeunes - Cadet"]
[Site "LE GRAND BORNAND"]
[Date "2007.04.10"]
[Round "4.3"]
[White "Guyon, Cyndie"]
[Black "Weigel, Marie"]
[Result "1-0"]
[WhiteElo "1872"]
[BlackElo "1863"]
[PlyCount "61"]

1. d4 Nf6 2. c4 e6 3. Nc3 Bb4 4. e3 O-O 5. Bd3 d6 6. Nf3 Qe7 7. e4 e5 8. d5
Nbd7 9. O-O Re8 10. Qc2 Nf8 11. Na4 Ng6 12. a3 Ba5 13. b4 Bb6 14. c5 dxc5 15.
bxc5 Ba5 16. Bb2 Bg4 17. Nd2 Bxd2 18. Qxd2 Nh5 19. Bb5 Red8 20. f3 Bd7 21. Bxd7
Qxd7 22. Qc2 Nhf4 23. Rfd1 c6 24. Nc3 b6 25. cxb6 axb6 26. d6 Ne6 27. Ne2 c5
28. Qb3 Qc6 29. Qd5 Nd4 30. Rxd4 Qb5 31. Rd2 1-0

[Event "Championnat de France des Jeunes - Cadet"]
[Site "LE GRAND BORNAND"]
[Date "2007.04.10"]
[Round "4.4"]
[White "Perrusset, Barbara"]
[Black "Des Bouillons, Pauline"]
[Result "1-0"]
[WhiteElo "1859"]
[BlackElo "1618"]
[PlyCount "115"]

1. d4 Nf6 2. c4 g6 3. Nc3 Bg7 4. e4 d6 5. f3 Nbd7 6. Nge2 e5 7. Be3 a5 8. d5
O-O 9. Nc1 b6 10. Be2 Ne8 11. O-O f5 12. Nd3 f4 13. Bf2 Nc5 14. a3 h5 15. b4
Nxd3 16. Qxd3 g5 17. Rfc1 g4 18. Kf1 Qg5 19. Ke1 h4 20. fxg4 Bxg4 21. Bxg4 Qxg4
22. Qf3 Nf6 23. Qxg4 Nxg4 24. h3 Nxf2 25. Kxf2 Bh6 26. Rd1 Rf7 27. Ne2 Kh7 28.
Ng1 f3 29. gxf3 Rg8 30. Ne2 Rgf8 31. Rd3 Bf4 32. Rg1 Rg8 33. Rxg8 Kxg8 34. Rd1
Bh6 35. Rg1+ Rg7 36. Rxg7+ Kxg7 37. bxa5 bxa5 38. Nc3 Bg5 39. Nb5 Bd8 40. Ke3
Bg5+ 41. Kd3 Bd8 42. Kc3 Kg6 43. Kd3 Kh6 44. a4 Kg5 45. Ke3 Kf6 46. f4 exf4+
47. Kxf4 Ke7 48. Na7 Kd7 49. Nc6 Bf6 50. Nxa5 Bc3 51. Nc6 Kc8 52. e5 dxe5+ 53.
Nxe5 Kb7 54. Nf3 Bf6 55. Kf5 Bd8 56. Ke6 Kb6 57. Ne5 c5 58. Nf7 1-0

[Event "Championnat de France des Jeunes - Cadet"]
[Site "LE GRAND BORNAND"]
[Date "2007.04.10"]
[Round "4.5"]
[White "Rossinot, Helene"]
[Black "Revidon, Laetitia"]
[Result "0-1"]
[WhiteElo "1880"]
[BlackElo "1774"]
[PlyCount "52"]

1. d4 d5 2. Nf3 Nf6 3. c4 e6 4. Nc3 Be7 5. cxd5 exd5 6. Bf4 a6 7. e3 Nc6 8. Be2
O-O 9. O-O Bf5 10. Rc1 Bd6 11. Bg3 Re8 12. Nd2 Qd7 13. Nb3 b6 14. a3 Bxg3 15.
hxg3 Bg4 16. Bxg4 Nxg4 17. Nd2 Qf5 18. Nxd5 Qh5 19. Re1 Qh2+ 20. Kf1 Qh1+ 21.
Ke2 Qxg2 22. Nxc7 Nxd4+ 23. Kd3 Nxf2+ 24. Kxd4 Red8+ 25. Kc3 Nxd1+ 26. Rcxd1
Qc6+ 0-1

[Event "Championnat de France des Jeunes - Cadet"]
[Site "LE GRAND BORNAND"]
[Date "2007.04.10"]
[Round "4.6"]
[White "Mallard, Ophelie"]
[Black "Cheype, Marie"]
[Result "0-1"]
[WhiteElo "1610"]
[BlackElo "1847"]
[PlyCount "68"]

1. Nf3 c5 2. g3 d5 3. d4 cxd4 4. Nxd4 e5 5. Nb3 Bd6 6. Bg2 Ne7 7. O-O Be6 8.
Nc3 Bc7 9. Nc5 b6 10. Nxe6 fxe6 11. Bh3 Qd7 12. e4 d4 13. Ne2 Nbc6 14. f4 O-O-O
15. fxe5 Bxe5 16. Bf4 Ng6 17. Bxe5 Ncxe5 18. Rc1 Rhf8 19. Rxf8 Rxf8 20. Kg2 Rd8
21. c3 d3 22. Nd4 Nf8 23. Qb3 Re8 24. Rf1 Qb7 25. Bxe6+ Nxe6 26. Nxe6 Qxe4+ 27.
Kg1 Nf3+ 28. Rxf3 Qxf3 29. Qc4+ Kb8 30. Qc7+ Ka8 31. Qd7 Qe3+ 32. Kg2 Qxe6 33.
Qxd3 Qe2+ 34. Qxe2 Rxe2+ 0-1

[Event "Championnat de France des Jeunes - Cadet"]
[Site "LE GRAND BORNAND"]
[Date "2007.04.10"]
[Round "4.7"]
[White "Ezanno, Morgane"]
[Black "Josse, Anais"]
[Result "1-0"]
[WhiteElo "1914"]
[BlackElo "1700"]
[PlyCount "85"]

1. e4 e5 2. f4 d6 3. Nf3 Nc6 4. Bc4 Nf6 5. d3 Be7 6. O-O O-O 7. Nc3 exf4 8.
Bxf4 Bg4 9. Qe1 Nh5 10. Be3 Ne5 11. Nxe5 dxe5 12. Qf2 Nf6 13. Qg3 Bd7 14. Bh6
Nh5 15. Qxe5 Bg4 16. Bd2 Bf6 17. Rxf6 Nxf6 18. Rf1 Re8 19. Qg3 Qd4+ 20. Be3 Qe5
21. Qxe5 Rxe5 22. Bd4 Rg5 23. e5 Nd7 24. Bxf7+ Kf8 25. Bb3+ Ke8 26. Nd5 Rc8 27.
Re1 c6 28. Nf4 b6 29. Bc3 a5 30. h4 Rf5 31. g3 Rf8 32. e6 Nf6 33. Re5 h6 34.
Ng6 Rg8 35. e7 Nd5 36. Bd4 b5 37. a4 Kf7 38. Nf8 Rgxf8 39. exf8=Q+ Kxf8 40.
axb5 Ne7 41. Bc5 Rc7 42. b6 Rb7 43. Bxe7+ 1-0

[Event "Championnat de France des Jeunes - Cadet"]
[Site "LE GRAND BORNAND"]
[Date "2007.04.10"]
[Round "4.8"]
[White "Swiercz, Sarah"]
[Black "Tchougourian, Anait"]
[Result "0-1"]
[WhiteElo "1380"]
[BlackElo "1720"]
[PlyCount "90"]

1. e4 e5 2. Nf3 Nc6 3. Bc4 Bc5 4. c3 Nf6 5. d4 exd4 6. cxd4 Bb4+ 7. Bd2 d5 8.
Bxb4 Nxb4 9. Qa4+ Nc6 10. exd5 Nxd5 11. O-O O-O 12. Nc3 Nb6 13. Qb5 Nxd4 14.
Nxd4 Qxd4 15. Bb3 Bd7 16. Qg5 h6 17. Qh5 Bg4 18. Qh4 Rad8 19. h3 Be2 20. Qxd4
Rxd4 21. Nxe2 Rd2 22. Nc3 Rxb2 23. a4 Rxb3 24. Ne4 Rd3 25. Nc5 Rd5 26. Rfc1 Rb8
27. a5 Nd7 28. Ne4 c6 29. Rcb1 Rd4 30. Ng3 Nc5 31. Nf5 Rd2 32. Ne7+ Kf8 33.
Nxc6 Re8 34. Nxa7 Ree2 35. Rf1 Nd3 36. Rab1 Nxf2 37. Kh2 Nd3 38. Rg1 Nf4 39.
Rxb7 Nxg2 40. Rb8+ Ke7 41. Rb7+ Kf6 42. Rb6+ Kg5 43. Nc6 Kh5 44. Kg3 Re3+ 45.
Kh2 Nf4+ 0-1

[Event "Championnat de France des Jeunes - Cadet"]
[Site "LE GRAND BORNAND"]
[Date "2007.04.10"]
[Round "4.9"]
[White "Riquebon, Nathalie"]
[Black "Bartolo, Alexia"]
[Result "1-0"]
[WhiteElo "1767"]
[BlackElo "1450"]
[PlyCount "97"]

1. d4 d5 2. Nf3 Nf6 3. e3 a6 4. Nbd2 Bg4 5. Be2 e6 6. c4 c6 7. O-O Bd6 8. c5
Bc7 9. b4 b6 10. Bb2 a5 11. a3 O-O 12. cxb6 Bxb6 13. Ne5 Bxe2 14. Qxe2 Qd6 15.
bxa5 Bxa5 16. Nb3 Nbd7 17. Rfc1 Rfc8 18. Qc2 Nb8 19. a4 Nfd7 20. Nd3 Nb6 21.
Ba3 Qc7 22. Nxa5 Rxa5 23. Bb4 Ra7 24. Bc5 N8d7 25. Rcb1 Nxc5 26. Nxc5 Nc4 27.
Rb4 Rb8 28. Qb3 Rxb4 29. Qxb4 Ra8 30. Rb1 Kf8 31. Qb7 Qxb7 32. Rxb7 Ke8 33. Kf1
Na5 34. Rb6 Kd8 35. Ke2 Kc7 36. Ra6 Rxa6 37. Nxa6+ Kb6 38. Nc5 Nc4 39. Kd3 Nd6
40. Kc3 Ka5 41. Kb3 Ne8 42. Ka3 Nd6 43. Nb3+ Ka6 44. Kb4 Nb7 45. Nc5+ Nxc5 46.
Kxc5 Kb7 47. a5 f6 48. a6+ Kxa6 49. Kxc6 1-0

[Event "Championnat de France des Jeunes - Minimes"]
[Site "LE GRAND BORNAND"]
[Date ""]
[Round "4.1"]
[White "Baudson, Charles"]
[Black "Saatdjian, Thomas"]
[Result "0-1"]
[WhiteElo "2059"]
[BlackElo "2229"]
[Annotator ""]

1. Nc3 c5 2. Nf3 e6 3. d4 cxd4 4. Nxd4 a6 5. g3 Nc6 6. Bg2 Nf6 7. O-O
Be7 8. a4 O-O 9. Nb3 d5 10. e4 d4 11. Ne2 e5 12. f4 Ng4 13. fxe5 Ne3
14. Bxe3 dxe3 15. Qe1 Be6 16. Qc3 Qb6 17. a5 Qa7 18. Nbd4 Nxd4 19.
Nxd4 e2 20. Qa3 0-1

[Event "Championnat de France des Jeunes - Minim"]
[Site "LE GRAND BORNAND"]
[Date "2007.04.10"]
[Round "4.2"]
[White "Demuth, Adrien"]
[Black "Le Ruyet, Leopold"]
[Result "1/2-1/2"]
[WhiteElo "2174"]
[BlackElo "1998"]
[PlyCount "96"]

1. d4 d5 2. c4 e6 3. Nc3 Nf6 4. Bg5 Be7 5. Nf3 Nbd7 6. cxd5 exd5 7. e3 b6 8.
Bd3 Bb7 9. O-O O-O 10. Qe2 c5 11. Rac1 a6 12. dxc5 bxc5 13. Rfd1 Re8 14. Bf5
Nb6 15. Qc2 h6 16. Bf4 Nh5 17. Ne2 Nxf4 18. Nxf4 Bd6 19. Nd3 Bc8 20. Bxc8 Rxc8
21. Qc3 c4 22. Nf4 Bxf4 23. exf4 Na4 24. Qd2 Nc5 25. Ne1 Rxe1+ 26. Qxe1 Nd3 27.
Rxd3 cxd3 28. Rc3 Rxc3 29. Qxc3 Qe7 30. Qxd3 Qe4 31. Qf1 Qc2 32. Qxa6 Qc1+ 33.
Qf1 Qxb2 34. a4 Qa2 35. Qd1 d4 36. Kf1 Qc4+ 37. Ke1 d3 38. Kd2 Qd4 39. Qf3 Qxa4
40. Kxd3 Qb3+ 41. Ke2 Qc2+ 42. Ke1 Qc1+ 43. Ke2 Qc2+ 44. Ke3 Qc3+ 45. Ke4 Qc6+
46. Ke3 Qc3+ 47. Ke4 Qc6+ 48. Ke3 Qc3+ 1/2-1/2

[Event "Championnat de France des Jeunes - Minim"]
[Site "LE GRAND BORNAND"]
[Date "2007.04.10"]
[Round "4.3"]
[White "Martin, Cedric"]
[Black "Sochacki, Wojtek"]
[Result "1-0"]
[WhiteElo "2029"]
[BlackElo "2068"]
[PlyCount "205"]

1. e4 c5 2. Nf3 e6 3. c4 a6 4. Nc3 Nc6 5. Be2 Nd4 6. O-O Ne7 7. d3 Nec6 8. Be3
Be7 9. Nd2 O-O 10. f4 d6 11. Bf3 Rb8 12. Rc1 b5 13. b3 b4 14. Ne2 Qa5 15. Nxd4
Nxd4 16. Bxd4 cxd4 17. Qe2 e5 18. Rc2 Qc5 19. Bg4 Bxg4 20. Qxg4 exf4 21. Rxf4
Kh8 22. Nf1 Bf6 23. h4 Be5 24. Rf5 g6 25. Rf3 Qc8 26. Qxc8 Rbxc8 27. Rcf2 Kg7
28. Ng3 f6 29. h5 Rc5 30. hxg6 hxg6 31. Ne2 Rh8 32. g3 Ra5 33. Nc1 Rh3 34. Kg2
Rh5 35. Rf1 Ra3 36. Rh1 Rxh1 37. Kxh1 Kf7 38. Kg2 Ra5 39. Rf1 Kg7 40. Kh3 Kh6
41. Kg4 Kg7 42. Rf2 Ra3 43. Rc2 Ra5 44. Rf2 Ra3 45. Rc2 Ra5 46. Ne2 Kf7 47. Ng1
Kg7 48. Rf2 Ra3 49. Nf3 Ra5 50. Ne1 Kf7 51. Nf3 Kg7 52. Ne1 Kf7 53. Rh2 Kg7 54.
Nf3 Rc5 55. Rh1 Ra5 56. Ra1 Kf7 57. Ne1 f5+ 58. exf5 gxf5+ 59. Kf3 d5 60. Nc2
dxc4 61. bxc4 Ra4 62. g4 fxg4+ 63. Kxg4 Ke6 64. Re1 Kf6 65. Rf1+ Ke6 66. Ra1
Kf6 67. Rf1+ Ke6 68. Kf3 Kf5 69. Ra1 Bf6 70. Kf2 Be5 71. Kf3 Bf6 72. Ke2 Be5
73. Rf1+ Ke6 74. Ra1 Kf5 75. Kd1 Ke6 76. Kc1 Bf4+ 77. Kb2 Bd2 78. Kb3 Ra5 79.
Nxd4+ Kd7 80. Nc2 Rh5 81. Nxb4 a5 82. Nd5 Rh3 83. Kc2 Rh2 84. Rf1 a4 85. Nb6+
Kc6 86. Nxa4 Be3+ 87. Kb3 Bd4 88. Rf4 Be5 89. Re4 Ba1 90. d4 Rd2 91. d5+ Kd6
92. Re6+ Kc7 93. a3 Bd4 94. Kb4 Rd1 95. c5 Rb1+ 96. Kc4 Bf2 97. Re7+ Kd8 98.
Rf7 Bg1 99. d6 Ra1 100. Kd5 Rxa3 101. Kc6 Ke8 102. Rg7 Bd4 103. d7+ 1-0

[Event "Championnat de France des Jeunes - Minim"]
[Site "LE GRAND BORNAND"]
[Date "2007.04.10"]
[Round "4.4"]
[White "Ollier, Pablo"]
[Black "Stephan, Victor"]
[Result "1-0"]
[WhiteElo "2124"]
[BlackElo "2064"]
[PlyCount "157"]

1. d4 Nf6 2. c4 g6 3. Nc3 Bg7 4. e4 d6 5. Nf3 O-O 6. Be2 e5 7. dxe5 dxe5 8.
Qxd8 Rxd8 9. Nd5 Nxd5 10. cxd5 c6 11. Bc4 b5 12. Bb3 a5 13. Bg5 Rd7 14. Rc1 Bb7
15. Ke2 h6 16. Be3 a4 17. dxc6 Nxc6 18. Bd5 Nd4+ 19. Bxd4 Bxd5 20. exd5 exd4
21. Rc5 Rad8 22. Rxb5 Rxd5 23. Rxd5 Rxd5 24. Kd3 Rb5 25. Rb1 Kf8 26. Kc4 Rb8
27. b3 axb3 28. Rxb3 Rc8+ 29. Kd3 Ra8 30. a3 Ra4 31. Ne1 Ke7 32. Nc2 Ke6 33.
Rb4 Rxb4 34. Nxb4 Kd6 35. a4 Kc5 36. Nc2 Be5 37. h3 Bg7 38. f3 h5 39. a5 Kb5
40. Nxd4+ Kxa5 41. Nc6+ Kb5 42. Nd8 f5 43. Ne6 Be5 44. Ke3 h4 45. f4 Bd6 46.
Nd4+ Kc4 47. Nf3 Bc5+ 48. Ke2 Bd6 49. Nxh4 Bxf4 50. Nxg6 Bh6 51. Nh4 f4 52. Kf3
Kd5 53. Ng6 Ke6 54. Nxf4+ Kf5 55. g4+ Ke5 56. Ng2 Kf6 57. h4 Kg6 58. Nf4+ Kf6
59. Nh3 Bf8 60. Ke4 Kg6 61. Nf4+ Kh6 62. g5+ Kh7 63. Kf5 Be7 64. Nd5 Bd8 65.
Kg4 Kg6 66. Nf4+ Kh7 67. Kh5 Be7 68. Nd5 Bd8 69. Ne3 Kg7 70. Nf5+ Kh7 71. Kg4
Kh8 72. h5 Kg8 73. h6 Kh8 74. Kh5 Kg8 75. Kg6 Bc7 76. Nd4 Be5 77. Nc6 Bc3 78.
Nd8 Kh8 79. h7 1-0

[Event "Championnat de France des Jeunes - Minim"]
[Site "LE GRAND BORNAND"]
[Date "2007.04.10"]
[Round "4.5"]
[White "Buscara, Sevan"]
[Black "Massoni, Michael"]
[Result "0-1"]
[WhiteElo "2022"]
[BlackElo "2077"]
[PlyCount "82"]

1. d4 Nf6 2. Bf4 g6 3. Nc3 Bg7 4. Qd2 d6 5. O-O-O c6 6. Bh6 Bxh6 7. Qxh6 b5 8.
f3 b4 9. Ne4 Nbd7 10. Nxf6+ Nxf6 11. e4 Qa5 12. Bc4 Rg8 13. Qe3 d5 14. Bb3 Qb5
15. e5 Nh5 16. g4 Ng7 17. Ne2 a5 18. a4 bxa3 19. bxa3 Ne6 20. Nc3 Qb6 21. Na4
Qa7 22. f4 Nc7 23. Rhg1 e6 24. Kb2 Rb8 25. Ka2 Bd7 26. Nc5 Na6 27. Nxd7 Kxd7
28. Ba4 Nc7 29. Qd3 Rb6 30. f5 Rgb8 31. fxg6 Qb7 32. Qc3 hxg6 33. Rgf1 Ke8 34.
Rb1 Nb5 35. Bxb5 cxb5 36. Qxa5 Ra8 37. Qb4 Ra4 38. Qc5 b4 39. Rxf7 Rxa3+ 40.
Kb2 Ra2+ 41. Kxa2 Qa6+ 0-1

[Event "Championnat de France des Jeunes - Minim"]
[Site "LE GRAND BORNAND"]
[Date "2007.04.10"]
[Round "4.6"]
[White "Tachikart, Yassin"]
[Black "Rivalin, Kenny"]
[Result "1-0"]
[WhiteElo "2074"]
[BlackElo "2010"]
[PlyCount "79"]

1. d4 Nf6 2. c4 g6 3. Nc3 d5 4. Bf4 Bg7 5. e3 O-O 6. Rc1 c5 7. dxc5 dxc4 8.
Bxc4 Qa5 9. Nge2 Qxc5 10. Nb5 Qb4+ 11. Kf1 Nc6 12. a3 Qa5 13. Bc7 b6 14. b4
Nxb4 15. axb4 Qxb4 16. Qb3 Qxb3 17. Bxb3 Ba6 18. Nbc3 Rac8 19. Be5 Ne4 20. Bxg7
Kxg7 21. Ke1 Nc5 22. Bc2 Bc4 23. Ne4 Nxe4 24. Bxe4 e5 25. Bb7 Rc5 26. Nc3 Be6
27. e4 b5 28. Kd2 Rb8 29. Bd5 Bd7 30. Na2 Rxc1 31. Rxc1 a5 32. Rc7 Be8 33. Ra7
a4 34. Nb4 Rb6 35. Kc2 Kf6 36. f3 h6 37. Kc3 g5 38. g4 Kg6 39. Re7 Rb8 40. Rxe5
1-0

[Event "Championnat de France des Jeunes - Minim"]
[Site "LE GRAND BORNAND"]
[Date "2007.04.10"]
[Round "4.7"]
[White "Li, Frederic"]
[Black "Migot, Tanguy"]
[Result "1/2-1/2"]
[WhiteElo "2067"]
[BlackElo "2016"]
[PlyCount "101"]

1. Nf3 d5 2. c4 e6 3. b3 Be7 4. Bb2 Bf6 5. Nc3 Ne7 6. d4 O-O 7. g3 c5 8. cxd5
Nxd5 9. Ne4 Qa5+ 10. Qd2 Qxd2+ 11. Kxd2 Bxd4 12. Nxd4 cxd4 13. Bxd4 Rd8 14. Kc1
Nc6 15. Bb2 b6 16. e3 Bb7 17. Ba3 Ncb4 18. Bc4 Nxe3 19. Bxb4 Nxc4 20. bxc4 Bxe4
21. Rd1 Rdc8 22. Rd4 Bd5 23. Kb2 Bxc4 24. Rc1 Bd5 25. Rdd1 f6 26. f4 Kf7 27. f5
Rxc1 28. fxe6+ Bxe6 29. Rxc1 Kg6 30. Rc7 a5 31. Bd6 Bd5 32. Re7 b5 33. h4 h5
34. a3 Ra6 35. Bc5 Rc6 36. Be3 Re6 37. Rxe6 Bxe6 38. Bb6 Kf5 39. Bxa5 Kg4 40.
Bc7 g5 41. hxg5 fxg5 42. Kc3 h4 43. gxh4 gxh4 44. Kb4 Bd7 45. a4 bxa4 46. Ka3
h3 47. Kb2 Kf3 48. Ka1 Kg2 49. Kb2 h2 50. Bxh2 Kxh2 51. Ka1 1/2-1/2

[Event "Championnat de France des Jeunes - Minim"]
[Site "LE GRAND BORNAND"]
[Date "2007.04.10"]
[Round "4.8"]
[White "Graca, Robert"]
[Black "Baudry, Lyam"]
[Result "1-0"]
[WhiteElo "2005"]
[BlackElo "2028"]
[PlyCount "97"]

1. d4 d5 2. c4 c6 3. Nf3 Nf6 4. e3 Bf5 5. Nc3 e6 6. Nh4 Bg4 7. Qb3 Qc7 8. h3
Bh5 9. g4 Bg6 10. Nxg6 hxg6 11. Bg2 Bd6 12. Bd2 Qb6 13. c5 Qxb3 14. axb3 Bc7
15. b4 e5 16. b5 Nbd7 17. b6 Bb8 18. Nxd5 Nxd5 19. Bxd5 Nxb6 20. Bxc6+ bxc6 21.
cxb6 a6 22. Bb4 exd4 23. exd4 Kd7 24. Bc5 Bd6 25. b4 g5 26. Ra3 Rh6 27. O-O Ke6
28. Kg2 Kd5 29. Rfa1 Kc4 30. Rc1+ Kd5 31. Rca1 Kc4 32. Rxa6 Rb8 33. Ra8 Rhh8
34. Bxd6 Rxa8 35. Rxa8 Rxa8 36. b7 Rd8 37. b8=Q Rxb8 38. Bxb8 Kxb4 39. Kf3 Kc4
40. Ba7 Kd5 41. Ke3 g6 42. f4 gxf4+ 43. Kxf4 f6 44. h4 Ke6 45. h5 Kf7 46. hxg6+
Kxg6 47. Bb6 Kf7 48. Kf5 Ke7 49. Ba5 1-0

[Event "Championnat de France des Jeunes - Minim"]
[Site "LE GRAND BORNAND"]
[Date "2007.04.10"]
[Round "4.9"]
[White "Praddaude, Leo"]
[Black "Charmeteau, Sven"]
[Result "0-1"]
[WhiteElo "1950"]
[BlackElo "2149"]
[PlyCount "48"]

1. d4 d5 2. c4 e6 3. Nc3 c5 4. e3 Nf6 5. Nf3 Nc6 6. a3 cxd4 7. exd4 Be7 8. b4
a6 9. Bb2 O-O 10. Be2 dxc4 11. Bxc4 b5 12. Bb3 Qb6 13. Qd2 a5 14. bxa5 Nxa5 15.
Ba2 Bb7 16. d5 exd5 17. Nxd5 Nxd5 18. Bxd5 Rfd8 19. Bd4 Bc5 20. Bxb7 Bxd4 21.
Bxa8 Bxa1 22. Qc1 Qe6+ 23. Kf1 Bf6 24. Qb1 Qc4+ 0-1

[Event "Championnat de France des Jeunes - Minim"]
[Site "LE GRAND BORNAND"]
[Date "2007.04.10"]
[Round "4.10"]
[White "Blum, Nicolas"]
[Black "Nicolas, Tristan"]
[Result "1-0"]
[WhiteElo "2124"]
[BlackElo "1949"]
[PlyCount "145"]

1. e4 c5 2. Nf3 d6 3. Bb5+ Nd7 4. c3 Ngf6 5. Qe2 a6 6. Ba4 b5 7. Bc2 Qc7 8. O-O
e5 9. d4 Be7 10. dxe5 dxe5 11. a4 bxa4 12. Bxa4 O-O 13. Nbd2 Nb6 14. Bc2 c4 15.
Rd1 a5 16. Nf1 Be6 17. Bg5 Rfd8 18. Rxd8+ Bxd8 19. Ne3 h6 20. Bh4 Be7 21. Bg3
Bd6 22. Rd1 a4 23. Qd2 Nc8 24. Nxe5 a3 25. bxa3 Bxe5 26. Qd8+ Qxd8 27. Rxd8+
Kh7 28. Bxe5 Rxa3 29. h3 Ne7 30. Rd1 Ng6 31. Bd6 Rxc3 32. Bb4 Rxc2 33. Nxc2
Nxe4 34. Rd4 Nf6 35. Ne3 Ne5 36. Bc3 Nfd7 37. f4 Nc6 38. f5 Nxd4 39. Bxd4 Bxf5
40. Nxf5 f6 41. Ne3 Kg6 42. Nxc4 Kf7 43. Kf2 Ke6 44. Ke3 g6 45. Nb2 h5 46. Nd3
Kf5 47. Nc5 Nb6 48. Ne4 Nc4+ 49. Kf3 Ne5+ 50. Bxe5 Kxe5 51. Ng3 h4 52. Nf1 f5
53. Ne3 g5 54. Nd1 Kf6 55. Nf2 Ke5 56. Ke3 Kd5 57. Nd3 Ke6 58. Kd4 Kf6 59. Ne5
g4 60. Nd3 Kg5 61. Ke5 gxh3 62. gxh3 Kg6 63. Kf4 Kf6 64. Ne5 Ke6 65. Nf3 Kf6
66. Nxh4 Kg7 67. Nxf5+ Kg6 68. Kg4 Kf6 69. h4 Kg6 70. h5+ Kh7 71. Kg5 Kg8 72.
Kg6 Kh8 73. Nd6 1-0